Obras escogidas de Alejo Venegas, Juan de Avila, Luis de Granada, San Juan de la Cruz

Detalles Bibliográficos
Formato: Libro
Publicado: París 1947
Materias:
Colección:Banco de datos
Acervo:Biblioteca del Ex Convento de Nuestra Señora de Guadalupe. Zacatecas
Descripción Física:t. II
Tema general:Ascética
Notas:Buena. XVII,8,7 (5494)
LEADER 00708nam a22001930004500
035 |a 43991 
036 |a 5175 
245 1 0 |a Obras escogidas de Alejo Venegas, Juan de Avila, Luis de Granada, San Juan de la Cruz 
260 |a París  |b ed. Eugenio de Ochoa, imp. Librería Europea  |c 1947 
300 |a t. II 
500 |a Buena. XVII,8,7 (5494) 
650 1 0 |a Ascética 
949 |a CRZ-CG 
959 |a Ex convento de Nuestra Señora de Guadalupe, Museo Regional de Zacatecas, Zacatecas  |b CCC4 
960 |a Convento de Nuestra Señora de Guadalupe, Zacatecas  |b DD87 
961 |a Franciscana  |b OF 
942 |c CRZ-CG 
943 |g Biblioteca del Ex Convento de Nuestra Señora de Guadalupe. Zacatecas 
999 |c 968118  |d 968118